Guide to daywork rates (Record no. 106227)

MARC details
000 -LEADER
fixed length control field 00865cam a2200241 4500
001 - CONTROL NUMBER
control field ##L135901
008 - FIXED-LENGTH DATA ELEMENTS--GENERAL INFORMATION
fixed length control field 061215n2006 000 0 eng u
020 ## - INTERNATIONAL STANDARD BOOK NUMBER
International Standard Book Number 1904829481
-- 9781904829485
035 ## - SYSTEM CONTROL NUMBER
System control number (Sirsi) u135901
041 0# - LANGUAGE CODE
Language code of text/sound track or separate title eng
050 04 - LIBRARY OF CONGRESS CALL NUMBER
Classification number 692.5 $2 18
110 2# - MAIN ENTRY--CORPORATE NAME
Corporate name or jurisdiction name as entry element Building Cost Information Service
9 (RLIN) 1096
245 00 - TITLE STATEMENT
Title Guide to daywork rates
Remainder of title calculations of standard hourly base rates for the major trades in England, Scotland and Wales
250 ## - EDITION STATEMENT
Edition statement 21st ed.
260 ## - PUBLICATION, DISTRIBUTION, ETC.
Place of publication, distribution, etc. London
Name of publisher, distributor, etc. BCIS
Date of publication, distribution, etc. 2006
300 ## - PHYSICAL DESCRIPTION
Extent 78p.
Dimensions 30cm.
520 ## - SUMMARY, ETC.
Summary, etc. 2007 guide to daywork rates which gives model calculations of standard hourly base rates, including all 2006 wage awards. Includes rates from 1997 to date.
590 ## - LOCAL NOTE (RLIN)
Local note KA
650 24 - SUBJECT ADDED ENTRY--TOPICAL TERM
Topical term or geographic name entry element BCIS GUIDE TO DAYWORK RATES
651 #4 - SUBJECT ADDED ENTRY--GEOGRAPHIC NAME
Geographic name GREAT BRITAIN
690 ## - LOCAL SUBJECT ADDED ENTRY--TOPICAL TERM (OCLC, RLIN)
Topical term or geographic name as entry element BUILT ENVIRONMENT-BUILDING COSTS
942 ## - ADDED ENTRY ELEMENTS (KOHA)
Suppress in OPAC 0
Holdings
Withdrawn status Lost status Source of classification or shelving scheme Damaged status Not for loan Home library Current library Shelving location Date acquired Total Checkouts Full call number Barcode Date last seen Copy number Price effective from Koha item type Date last checked out
    Dewey Decimal Classification     London London RICS Boxes 01/05/2009   RICS 2006/38 30073524 06/08/2019 1 06/08/2019 Archive  
    Dewey Decimal Classification     London London RICS Boxes 19/12/2006   RICS 2006/38 30073525 06/08/2019 2 06/08/2019 Reference material  
    Dewey Decimal Classification     London London RICS Boxes 19/12/2006 4 RICS 2006/38 30073527 06/08/2019 4 06/08/2019 Book 21/05/2007